Score 0/23 Timer 03:00
1 Play Today
Clue 4-Letter Word % Correct
AC/DC's 'Highway to ___'HELL
92.3%
Sir Mix-a-Lot: 'Baby Got _____'BACK
88.9%
Professional wrestling's HoganHULK
86.3%
This is often worse than a dog's biteBARK
83.9%
Small building for storing toolsSHED
82.7%
Bobby or Brett of the NHLHULL
79.7%
ContainedHELD
76.5%
Inclined building entranceRAMP
76.4%
Main mass or bodyBULK
75.6%
Oakland pitcher Dave Stewart did this a record 16 timesBALK
73.9%
Legendary Packers QB StarrBART
71.8%
Small pie filled with cooked fruitTART
70.8%
Clue 4-Letter Word % Correct
With [First Rung], scoring move in basketballSHOT
70.5%
A type of bird or a carefree adventureLARK
69.3%
Be in need ofLACK
67.5%
HindquartersRUMP
67.2%
Equipped with footwearSHOD
65.8%
Plant grains for sowingSEED
62%
Ernest went here in 1987CAMP
59%
To pay attentionHEED
58.8%
With [Last Rung], scoring move in basketballJUMP
52.5%
Goldfish and Koi, e.g.CARP
51.4%
US government program to purchase faulty assetsTARP
46.5%

Today's Daily Dose

Remove Ads.
Support Sporcle.
Get the best of Sporcle when you Go Orange. This ad-free experience offers more features, more stats, and more fun while also helping to support Sporcle. Thank you for becoming a member.

You're not logged in!

Compare scores with friends on all Sporcle quizzes.
OR
Log In

Show Comments

Extras

Top Quizzes Today


Score Distribution

Your Account Isn't Verified!

In order to create a playlist on Sporcle, you need to verify the email address you used during registration. Go to your Sporcle Settings to finish the process.

Report this User

Report this user for behavior that violates our Community Guidelines.

Details: